000 00808cam a2200229 a 4500
001 000018282
005 20200929165433.0
008 890919s1987 pr a 000 p spa d
040 _aDO-SdBNP
_bspa
_cBNPHU
041 1 7 _aspaeng
_2Código de idiomas MARC
082 _aPR861.44
_bC117c
100 1 _aCabrera, José Antonio,
_939590
245 1 3 _aLa cabellera del maestro /
_cJosé Antonio Cabrera ; traducción de José Abad Ramos.
246 1 1 _aOn the visions of the Master´s Hair
250 _aEd. bilingue.
260 _aSan Juan, Puerto Rico :
_bYaurel,
_c1987.
300 _a233 p. :
_bil. ;
_c24 cm.
650 4 _aPoesía puertorriqueña
_91015
650 4 _aLiteratura puertorriqueña
_ySIGLO XX
_95311
700 1 _aAbad Ramos, José,
_etr.
_939591
740 0 _aOn the visions of the Master´s Hair
999 _c17803
_d17803